Los operarios de la viña

Spremljeno u:
Bibliografski detalji
Glavni autor: Papini, Giovanni (autor)
Format: Knjiga
Jezik:španjolski
Izdano: Madrid Ediciones Fax 1953
Izdanje:4a. ed
Teme:
Oznake: Dodaj oznaku
Bez oznaka, Budi prvi tko označuje ovaj zapis!

MARC

LEADER 00000cam a2200000 a 4500
001 UCE4545
003 CL-VaPUC
008 141030e19530000sp |||||||||||||||||spa|d
082 0 4 |a 248  |b PAP  |2 21 
100 |a Papini, Giovanni  |e autor   |9 456366 
245 1 4 |a Los operarios de la viña 
250 |a 4a. ed 
300 |a 194 p 
942 |c BK 
945 |d 20141030 14:13:00  |a dcastane 
260 |a Madrid  |b Ediciones Fax  |c 1953 
650 0 |a Vida religiosa  |9 257284 
650 0 |a Cristianismo  |9 257361 
583 |a last modification  |c 20141030 14:13:00  |k Rodrigo Vera 
999 |c 357457  |d 357455 
952 |0 0  |1 0  |3 erb  |4 0  |6 248_000000000000000_PAP_1953  |7 0  |8 X  |9 465456  |a FDOBUD  |b FDOBUD  |i 5106133  |o 248 PAP 1953  |p 5106133  |r 2019-11-23  |w 2019-11-23  |y BK_X  |z Catalogado en:20141030  |k BUD